| 000 | 00742cab a2200241 4500 | ||
|---|---|---|---|
| 001 | WB3340-41 | ||
| 008 | 090401t1997 xxu||||| |||| 00| 0 eng d | ||
| 035 | _a(Sirsi) u81495 | ||
| 041 | _aeng | ||
| 245 | _aLiverpool`s attractions | ||
| 260 | _c1997 | ||
| 350 | _a0 | ||
| 490 |
_aFinancial Times _v16 October 1997, 12(1) |
||
| 520 | _aLiverpool is fighting its difficult reputation in an attempt to attract inward investors to the region. A large site next to the airport has been allocated for new businesses. | ||
| 650 | _aINWARD INVESTMENT | ||
| 650 | _aLIVERPOOL | ||
| 650 | _aMERSEYSIDE | ||
| 650 | _aPRIVATE INVESTMENT | ||
| 650 | _aREGIONAL DEVELOPMENT | ||
| 690 | _aURBAN RENEWAL | ||
| 942 | _n0 | ||
| 948 | _c16/10/1997 | ||
| 999 |
_c51342 _d51342 |
||